Datum a čas kvízu
23.5
Celkem bodů
Celkový počet nahraných bodů na tomto kvízu bez doplňovacích otázek.
13.
Pořadí na kvízu
Konečné umístění týmu na tomto kvízu.
Zaznamenané odpovědi
| # | Otázka | Odpověď | Body | Výsledky |
|---|---|---|---|---|
| 1. | Ve svatovítské katedrále se v... | Petr Fiala | 0 | |
| 2. | První dámu Francie Brigitte Ma... | že je žena | 1 | |
| 3. | Při oslavě osmistého výročí ji... | v Hradci Králové | 1 | |
| 4. | Finská firma Bluefors uzavřela... | na Měsíci | 0 | |
| 5. | V neděli začalo mistrovství sv... | ve Rwandě | 0 | |
| 6. | Ve spolupráci s Radou Evropy j... | 1C 2A 3D 4B | 1 | |
| 7. | Pokud vám prozradíme, že červe... | július | 1 | |
| 8. | Jak se na V jmenuje autonomní... | Vojvodina | 0 | |
| 9. | Která z těchto knih nebyla nap... | B | 0 | |
| 10. | Pozoruhodným jazykem je velšti... | křeček | 0 |